| 000 | 00635nam a22001937a 4500 | ||
|---|---|---|---|
| 005 | 20171016111237.0 | ||
| 010 | _aENG-120996 | ||
| 020 |
_a93501838476 _c1599.00 |
||
| 035 | _aEN-104528 | ||
| 037 | _bDBAD/PUB | ||
| 082 | _a307.760954 | ||
| 100 | _aJain, A.K. | ||
| 245 |
_aRevisiting land acquisition and urban process / _cby A.K.Jain |
||
| 260 |
_aNew Delhi _bReadworthy Publications _c2014 |
||
| 270 |
_aD-1, Mohan Garden, Near Abhinandan Party Place _bNew Delhi _e110059 |
||
| 300 |
_axxi,388p. : _c23cm(Hb) _bill. (Map) |
||
| 500 | _aIncludes Bibliographical and Index | ||
| 942 |
_2ddc _cEN _h307.760954 _mJAI |
||
| 999 |
_c146644 _d146644 |
||